00944nam a2200217 a 450000100100000000500170001000800410002702000180006804000250008608200210011110000410013224500580017326000420023130000260027350400260029959000270032595201190035295201190047195201190059099900170070900004688320201002053201.0180405s2004 dr a 000 0 spa d a978994544414X aDO-SdBNPbspacBNPHU axxxbC965e, 5to. aCuello del Orbe, Elisa Ysabel974001 0aEducación sexual 5 /cElisa Ysabel Cuello del Orbe. aSanto Domingo :bActualidad,c[s.f.]. a72p. :bil. ;c28 cm. aBibliografía: p. 64 aInventariado, 2018/MFF 0010718PDaGRbGRcHDd2018-04-05iLF1l0oxxx C965e, 5to.p46883-30r2020-06-25w2020-06-25yLFPDZNo se presta 0010718PDaPDbPDcHDd2018-04-05iLF1l0oxxx C965e, 5to.p46883-10r2020-06-25w2020-06-25yLFPDZNo se presta 0010718PDaPDbPDcHDd2018-04-05iLF1l0oxxx C965e, 5to.p46883-20r2020-06-25w2020-06-25yLFPDZNo se presta c46372d46372